Пираты Каллисто: Джандар с Каллисто. Черный легион Каллисто. Небесные пираты Каллисто: фантастические романы; пер. с англ.

Bibliographic Details
Main Author: Картер Л. Лин
Summary:Притягательная сила фантастических романов американского писателя Лина Картера в том, что в них наравне с вымыслом присутствует и реальность человеческих отношений. Из камбоджийских джунглей вместе с капитаном ВВС США Джоном Дарком читатель, пересекая временные слои, погружается в атмосферу экзотической планеты Танатор. В ходе этих приключений главному герою придется пройти и пережить многое: и схватки с небесными пиратами, и коварные дворцовые интриги и, конечно, любовь к прекрасной принцессе Дарлуне. Из многих испытаний он выйдет победителем благодаря но вым друзьям из инопланетного племени ку тад.
Language:Russian
Published: Москва, Армада, 1993
Series:Фантастический боевик
Subjects:
Format: MixedMaterials Book
KOHA link:https://koha.lib.tpu.ru/cgi-bin/koha/opac-detail.pl?biblionumber=237712

MARC

LEADER 00000nam0a2200000 4500
001 237712
005 20231101231546.0
010 |a 5879940128 
035 |a (RuTPU)RU\TPU\book\258887 
090 |a 237712 
100 |a 20130517d1993 m y0rusy50 ca 
101 1 |a rus  |c eng 
102 |a RU 
105 |a y z 000ay 
200 1 |a Пираты Каллисто: Джандар с Каллисто. Черный легион Каллисто. Небесные пираты Каллисто  |e фантастические романы  |e пер. с англ.  |f Л. Картер 
210 |a Москва  |c Армада  |d 1993 
215 |a 499 с. 
225 1 |a Фантастический боевик 
330 |a Притягательная сила фантастических романов американского писателя Лина Картера в том, что в них наравне с вымыслом присутствует и реальность человеческих отношений. Из камбоджийских джунглей вместе с капитаном ВВС США Джоном Дарком читатель, пересекая временные слои, погружается в атмосферу экзотической планеты Танатор. В ходе этих приключений главному герою придется пройти и пережить многое: и схватки с небесными пиратами, и коварные дворцовые интриги и, конечно, любовь к прекрасной принцессе Дарлуне. Из многих испытаний он выйдет победителем благодаря но вым друзьям из инопланетного племени ку тад. 
606 1 |a Американская литература  |2 stltpush  |3 (RuTPU)RU\TPU\subj\72261  |9 85825 
610 1 |a романы 
610 1 |a фантастика 
610 1 |a боевики 
675 |a 82  |v 3 
700 1 |a Картер  |b Л.  |g Лин 
801 1 |a RU  |b 63413507  |c 20130517 
801 2 |a RU  |b 63413507  |c 20130524  |g RCR 
942 |c BK